01348nac a22003371i 4500003000900000005001700009008004100026020003000067040004300097043001200140082002400152100004500176245015300221250001900374264004500393264001000438300005300448336002600501337002800527338002700555504004100582650004400623650005200667653000800719655001700727700005400744700005000798942001200848999001500860952013500875EG-ScBUE20230104121550.0230104t1989 nyua f b 000 0ceng d a1555950272 (alk. paper) : aEG-ScBUEbengerdacEG-ScBUEdEG-ScBUE an-us---04a741.092273bWAG2221 aWagner, Judy K. Collischan van,eauthor.10aLines of vision :bdrawings by contemporary women /cJudy Kay Collischan van Wagner ; foreword by Thomas W. Leavitt ; introduction by Judith Wilson. aFirst edition. 1aNew York :bHudson Hills Press :c[1989] 4cc1989 a174 pages :billustrations (some color) ;c31 cm 2rdacontentatextbtxt 2rdamediaaunmediatedbn 2rdacarrieravolumebnc aIncludes bibliographical references. 7aDrawing, Americany20th century.2BUEsh 7aWomen artistszUnited StatesvBiography.2BUEsh bART vReading book1 aLeavitt, Thomas W.,eauthor of introduction, etc.1 aWilson, Judith,eauthor of introduction, etc. cBB2ddc c6800d6800 00102ddc40708AlahramaMAINbMAINc2NDd2007-12-06ePurchasel0o741.092273 WAGp000008003r2025-07-15 00:00:00w2007-12-06yBB